000 00559nam a22001937a 4500
005 20260602105929.0
010 _aENG-148698
020 _a9788119670826
_c450.00
035 _aEN-132230
037 _bDBAD
082 _a920
_21
100 _aKalra, Aruna
_989251
245 _aI Want A Boy/
_cAruna Kalra
250 _a1
260 _aNew Delhi
_bVitasta Publishing Pvt Ltd
_c2024
270 _a2/15, Ansari Road daryaganj,
_bNew Delhi
_e110002
_minfo@vitastapublishing.com
300 _a276p.
_c21cm(pb)
942 _2ddc
_cEN
_h920
_mKAL
999 _c216445
_d216445